Ambalema

-д хадгалсан:
Номзүйн дэлгэрэнгүй
Үндсэн зохиолчид: Reyna, María Soledad (Зохиогч), Escovar Wilson-White, Alberto (Зохиогч), Castañeda Buraglia, Antonio (Зохиогч)
Формат: Ном
Хэл сонгох:испани
Хэвлэсэн: Bogotá Letrarte Editores Ltda. 2010
Цуврал:Pueblos
Нөхцлүүд:
Шошгууд: Шошго нэмэх
Шошго байхгүй, Энэхүү баримтыг шошголох эхний хүн болох!

MARC

LEADER 00000cam a2200000 a 4500
001 UCF7752
003 CL-VaPUC
008 130704e20101100CK |||||||||||||||||spa|d
020 |a 9789589968222 
082 0 4 |a 779.986136  |b REY  |2 21 
100 0 |a Reyna, María Soledad  |e author  |9 569852 
700 0 |a Escovar Wilson-White, Alberto  |e author  |9 569853 
700 0 |a Castañeda Buraglia, Antonio  |e author  |9 569854 
245 1 0 |a Ambalema 
300 |a pág. irreg 
942 |c BK 
945 |d 20130704 00:00:00  |a dcastane 
260 |a Bogotá  |b Letrarte Editores Ltda.  |c 2010 
650 0 |a Fotografía artística  |9 269391 
650 0 |a Historia de ciudades   |9 445863 
651 0 |a Colombia  |9 256424 
583 |a last modification  |c 20130704 11:43:00  |k Rodrigo Vera 
490 0 |a Pueblos 
999 |c 352539  |d 352537 
952 |0 0  |1 0  |4 0  |6 779_986136000000000_REY_2010  |7 0  |8 P  |9 457099  |a BIBARQ  |b BIBARQ  |d 2019-11-22  |i 4987284  |o 779.986136 REY 2010  |p 4987284  |r 2025-01-20  |w 2019-11-22  |y BK  |k ARQ